LAN101:Grammar and vocabulary in context. (Record no. 9774)
[ view plain ]
| 000 -LEADER | |
|---|---|
| fixed length control field | 00358nam a22001217a 4500 |
| 008 - FIXED-LENGTH DATA ELEMENTS--GENERAL INFORMATION | |
| fixed length control field | 240220b |||||||| |||| 00| 0 eng d |
| 082 ## - DEWEY DECIMAL CLASSIFICATION NUMBER | |
| Classification number | 425 ROY |
| 100 ## - MAIN ENTRY--PERSONAL NAME | |
| Personal name | Royal Thimphu College |
| 245 ## - TITLE STATEMENT | |
| Title | LAN101:Grammar and vocabulary in context. |
| 260 ## - PUBLICATION, DISTRIBUTION, ETC. | |
| Place of publication, distribution, etc. | Thimphu; |
| Name of publisher, distributor, etc. | Royal Thimphu College, |
| Date of publication, distribution, etc. | printed on spring 2024. |
| 300 ## - PHYSICAL DESCRIPTION | |
| Extent | 185 p: |
| Other physical details | ill; |
| Dimensions | 29.5 cm |
| 942 ## - Added entry Elements (Koha) | |
| Source of classification or shelving scheme | Dewey Decimal Classification |
| Withdrawn status | Lost status | Source of classification or shelving scheme | Damaged status | Not for loan | Collection code | Home library | Current library | Shelving location | Date acquired | Serial Enumeration / chronology | Full call number | Barcode | Date last seen | Price effective from | Koha item type | Total Checkouts | Total Renewals | Date last checked out | Public note |
|---|---|---|---|---|---|---|---|---|---|---|---|---|---|---|---|---|---|---|---|
| Dewey Decimal Classification | Binding Materials. | RTC Library | RTC Library | Main opac | 20/02/2024 | 18438 | 425 ROY | 30017880 | 20/02/2024 | 20/02/2024 | Main | ||||||||
| Dewey Decimal Classification | Binding Materials. | RTC Library | RTC Library | Main opac | 20/02/2024 | 18437 | 425 ROY | 30016014 | 06/11/2024 | 20/02/2024 | Main | 2 | 2 | 28/06/2024 | Damaged and replaced by Madam Tenzin Wangmo (1333) on 6/11/24 | ||||
| Dewey Decimal Classification | Binding Materials. | RTC Library | RTC Library | Main opac | 20/02/2024 | 18976 | 425 ROY C.2 | 30020105 | 07/11/2024 | 20/02/2024 | Main | Replaced by Madam Tenzin Wangmo (1333) on 6/11/24 |